Welcome to the Holygrace Academy Library

Please use search bar below to get started

THE GREAT DEBATE (Record no. 4032)

MARC details
000 -LEADER
fixed length control field 00324nam a22001337a 4500
020 ## - INTERNATIONAL STANDARD BOOK NUMBER
ISBN 0-590-22657-6
082 ## - DEWEY DECIMAL CLASSIFICATION NUMBER
Classification number 823
Item number TED/G
100 ## - MAIN ENTRY--AUTHOR NAME
Personal name TEDROW, T L
245 ## - TITLE STATEMENT
Title THE GREAT DEBATE
Remainder of title THE DAYS OF LAURA INGALLS WILDER
260 ## - PUBLICATION, DISTRIBUTION, ETC. (IMPRINT)
Place of publication NEW YORK
Name of publisher SCHOLASTIC
Year of publication 1992
300 ## - PHYSICAL DESCRIPTION
Number of Pages 229
650 ## - SUBJECT ADDED ENTRY--TOPICAL TERM
Topical Term NOVEL
Geographic subdivision UNITED STATES
942 ## - ADDED ENTRY ELEMENTS (KOHA)
Koha item type Books
Holdings
Withdrawn status Lost status Collection code Home library Current library Shelving location Date acquired Source of acquisition Full call number Accession Number Koha item type
    Fiction Main Library Main Library   19/06/2010 purchase 823 TED/G 05475 Books